Délmagyarország. - 1936. február 11., Kedd
Elmentve itt :
| Dokumentumtípus: | Újság |
|---|---|
| Megjelent: |
1936-02-11
|
| Sorozat: | Délmagyarország
12 No. 36 |
| Online Access: | http://dmarchiv.bibl.u-szeged.hu/7879 |
| LEADER | 00484nas a2200145 i 4500 | ||
|---|---|---|---|
| 001 | delm7879 | ||
| 005 | 20200414153150.0 | ||
| 008 | 171214s1936 hu n o 0|| hun d | ||
| 022 | |a 0133-025X | ||
| 040 | |a SZTE Délmagyarország Archívum |b hun | ||
| 041 | |a hun | ||
| 245 | 0 | 0 | |a Délmagyarország. - 1936. február 11., Kedd |h [elektronikus dokumentum] |
| 260 | |c 1936-02-11 | ||
| 490 | 0 | |a Délmagyarország |v 12 No. 36 | |
| 856 | 4 | 0 | |u http://dmarchiv.bibl.u-szeged.hu/7879/1/dm_1936_036.pdf |z Dokumentum-elérés |